[Event "POL-chT 66th"]
[Site "Katowice"]
[Date "2010.09.05"]
[Round "2"]
[White "Moranda, Wojciech"]
[Black "Piorun, Kacper"]
[Result "1/2-1/2"]
[WhiteElo "2572"]
[BlackElo "2497"]
[Annotator "RR"]
[PlyCount "98"]
[EventDate "2010.09.04"]
[EventType "team-tourn"]
[EventRounds "9"]
[EventCountry "POL"]
[SourceTitle "EXT 2016"]
[Source "ChessBase"]
[SourceDate "2015.10.08"]
[SourceVersion "1"]
[SourceVersionDate "2015.10.08"]
[SourceQuality "1"]
[WhiteTeam "Dankowice"]
[BlackTeam "Gorzow Wielkopolski"]
[WhiteTeamCountry "POL"]
[BlackTeamCountry "POL"]

1. d4 d5 2. c4 c6 3. Nc3 Nf6 4. e3 a6 5. Qc2 e6 6. Nf3 c5 $5 (6... Nbd7) 7.
cxd5 exd5 8. Be2 Nc6 (8... Be6 9. O-O Nc6 10. Rd1 Nb4 11. Qd2 Ne4 12. Nxe4 dxe4
13. Ne5 cxd4 14. exd4 f6 15. Nc4 Rc8 16. b3 Nd5 17. Ba3 Bxa3 18. Nxa3 b5 19.
Nc2 O-O 20. Bf1 f5 21. Re1 Qc7 22. Nb4 Qa5 23. a3 Rfd8 24. Red1 Qb6 25. Nxd5
Rxd5 26. a4 Rcd8 27. axb5 Rxd4 28. Qe1 Rxd1 29. Rxd1 Rxd1 30. Qxd1 axb5 31. b4
h6 32. Qc1 Bd7 33. Qc3 Qd6 34. g3 Qd1 35. Qe5 Kh7 36. Kg2 Qf3+ 37. Kg1 Bc6 38.
Be2 {Giri,A (2752)-Fridman,D (2627) Rosmalen 2014 1/2-1/2}) 9. Ne5 (9. O-O Be6
10. Rd1) 9... Qc7 10. Nxc6 Qxc6 (10... bxc6 {Malakhatko,V (2532)-Gurevich,M 
(2611) Metz op 30th  2012 (2) 1-0 Plus actif}) 11. O-O cxd4 12. exd4 Bb4 13.
Bf4 Bxc3 14. Qxc3 (14. bxc3) 14... Qxc3 15. bxc3 Bf5 $146 (15... Bd7 16. a4 O-O
17. a5 Ne4 18. Rfc1 Rfc8 19. Ra3 g5 20. Be3 f6 21. c4 dxc4 22. Bxc4+ Kg7 23.
Rb3 Nd6 24. Bd5 Rxc1+ 25. Bxc1 Bc6 26. Bxc6 bxc6 27. Rb6 Nc4 28. Rxc6 Nxa5 29.
Rc7+ Kg6 30. Be3 Rd8 31. Kf1 Nb3 32. Rc4 Na5 33. Ra4 Nc6 34. Rxa6 Nxd4 35. Bxd4
Rxd4 {1/2-1/2 (35) Mamedyarov,S (2731)-Wang,Y (2736) Elista 2008}) 16. Rfc1 O-O
17. f3 Rfd8 18. g4 Bg6 19. a4 {[%csl Rb7]} (19. h4) 19... Rac8 20. Ra3 h5 21.
h3 hxg4 22. hxg4 Nh7 23. Rb3 Rd7 24. Kf2 Nf8 25. Be3 Ne6 26. c4 $5 dxc4 27.
Bxc4 Rcd8 28. d5 $16 {[%csl Gc4,Ge3]} Nf8 29. Rb6 f6 30. g5 f5 31. d6+ Bf7 32.
Bd3 Rxd6 33. Rxd6 Rxd6 34. Bxf5 Bg6 35. Bg4 Rc6 36. Rxc6 bxc6 37. Bc8 (37. a5
$5 {[%csl Ra6][%cal Gg4c8]} Bd3) 37... a5 38. Bb7 Be8 39. Bb6 c5 40. Bd5+ Kh8
41. Bxc5 Nh7 42. f4 {La finale est difficile pour les Noirs face à la paire
de B} Bxa4 43. Bf7 (43. Bb6 $142 Nf8 44. Ke3 (44. Bxa5 Ng6 45. Ke3) 44... Ng6
45. Bxa5 Kh7 $2 (45... Ne7 46. Be4 Kg8 47. f5 Kf7 48. Kf4) 46. Be4 $40 {
[%csl Rg6,Rh7]}) 43... Bc2 44. Ke3 a4 45. Kd2 Bb3 46. Bxb3 axb3 47. Bd4 Kg8 48.
g6 Nf8 49. f5 Nxg6 1/2-1/2

[Event "POL-chT 66th"]
[Site "Katowice"]
[Date "2010.09.04"]
[Round "1"]
[White "Lagowski, Patryk"]
[Black "Rutkowski, Maciej"]
[Result "1-0"]
[WhiteElo "2322"]
[BlackElo "2402"]
[Annotator "RR"]
[PlyCount "65"]
[EventDate "2010.09.04"]
[EventType "team-tourn"]
[EventRounds "9"]
[EventCountry "POL"]
[SourceTitle "EXT 2016"]
[Source "ChessBase"]
[SourceDate "2015.10.08"]
[SourceVersion "1"]
[SourceVersionDate "2015.10.08"]
[SourceQuality "1"]
[WhiteTeam "Szkola Grudziadz"]
[BlackTeam "Gorzow Wielkopolski"]
[WhiteTeamCountry "POL"]
[BlackTeamCountry "POL"]

1. d4 d5 2. Nf3 Nf6 3. c4 c6 4. e3 e6 5. Nc3 a6 6. Be2 (6. b3 Bb4 7. Bd2 O-O 8.
Bd3 Nbd7 9. O-O Bd6 10. Qc2 h6 11. Rae1 e5 12. c5 Bc7 13. Nxe5 Bxe5 14. dxe5
Nxe5 15. Bc1 Qe7 16. Na4 Bg4 17. f3 Nxd3 18. Qxd3 Bh5 19. Bb2 Bg6 20. Qd4 Rfe8
21. Rf2 Rad8 22. Nb6 Qf8 23. b4 Nd7 24. Nxd7 Rxd7 25. Qd2 Rde7 26. Bd4 Re6 27.
a4 f6 28. Qc3 R8e7 29. Rb2 Be8 30. Qd3 Qf7 31. h3 h5 32. g4 Qg6 33. Qxg6 Bxg6
34. Kf2 hxg4 35. hxg4 f5 {Riazantsev,A (2692)-Tomashevsky,E (2695) Dubai 2014
1/2-1/2}) 6... c5 7. O-O $146 (7. cxd5 exd5 8. O-O Nc6 9. Ne5 Be6 10. Qa4 Qb6
11. Rd1 Bd6 12. dxc5 Bxc5 13. Nxc6 bxc6 14. b3 Bb4 15. Bd2 Bd7 16. a3 Bd6 17.
b4 Qb8 18. h3 O-O 19. Qc2 Re8 20. Bd3 Re5 21. Ne2 Qc8 22. Nd4 {1-0 (22)
Murshed,N (2436)-Iskusnyh,S (2482) Mumbai 2004}) 7... Nc6 8. b3 Be7 9. cxd5
exd5 10. dxc5 Bxc5 11. Bb2 Be6 12. Rc1 Bd6 13. Na4 $14 {[%csl Gb2,Rc5,Rd5]} O-O
14. Nd4 Nxd4 15. Qxd4 {[%csl Rg7][%cal Ga4b6]} Qe7 16. Bf3 (16. Nb6 Rad8) 16...
Rfe8 17. Rfd1 Rad8 18. Nc5 Rc8 19. b4 a5 20. Nxe6 fxe6 21. bxa5 Ra8 22. Qa4 (
22. Qb6) 22... Bb4 23. Bxf6 gxf6 24. Rb1 Bxa5 25. e4 $36 {[%csl Rg8]} Bc3 26.
Qc2 d4 27. e5 $1 f5 (27... Rab8) 28. Rxb7 $40 Qc5 29. Qc1 Qf8 30. Qg5+ Kh8 31.
Qh4 h6 32. Qh5 Rxa2 33. Rf7 1-0

[Event "ESP-chT CECLUB Honor"]
[Site "Melilla"]
[Date "2011.11.24"]
[Round "5"]
[White "Sargissian, Gabriel"]
[Black "Dreev, Alexey"]
[Result "1-0"]
[WhiteElo "2671"]
[BlackElo "2710"]
[Annotator "RR"]
[PlyCount "97"]
[EventDate "2011.11.21"]
[EventType "team-tourn"]
[EventRounds "7"]
[EventCountry "ESP"]
[SourceTitle "CBM 146"]
[Source "ChessBase"]
[SourceDate "2012.01.18"]
[SourceVersion "1"]
[SourceVersionDate "2012.01.18"]
[SourceQuality "1"]
[WhiteTeam "Linex Magic"]
[BlackTeam "Reverte Albox"]
[WhiteTeamCountry "ESP"]
[BlackTeamCountry "ESP"]

1. d4 d5 2. c4 c6 3. Nc3 Nf6 4. e3 e6 5. Nf3 Nbd7 6. Qc2 b6 7. Bd3 Bb7 8. O-O
Be7 9. b3 dxc4 10. bxc4 c5 11. d5 exd5 12. cxd5 Nxd5 13. Nxd5 Bxd5 14. Rd1 Bf6
15. Rb1 Be6 16. e4 Qc7 17. Bg5 Ne5 18. Bb5+ Kf8 19. Nxe5 Qxe5 20. Be3 g5 21.
Bd7 Kg7 22. Bxe6 Qxe6 23. Rd5 h6 24. h4 Rae8 25. f3 Rd8 26. Rf5 Bd4 27. Bxd4+
Rxd4 28. hxg5 hxg5 29. Rxg5+ Kf6 30. Qc1 Rd1+ 31. Qxd1 Kxg5 32. Rb3 Qe5 33. f4+
Qxf4 34. Rf3 Qh2+ 35. Kf2 Qh4+ 36. Ke3 Kg6 37. Qd6+ f6 38. Rg3+ Kf7 39. Qd5+
Kf8 40. Qa8+ Kf7 41. Qxa7+ Kf8 $6 (41... Ke8 42. Qb8+ $16) 42. Qb8+ $18 Kf7 43.
Qc7+ Kf8 44. Kd3 Qh1 $2 (44... c4+ 45. Kc3 Qh5 $16) 45. Qd8+ Kf7 46. Qd5+ Kf8
47. Kc2 Qh7 48. Rh3 Qg8 49. Qd8+ 1-0

[Event "Rohde op 07th"]
[Site "Sautron"]
[Date "2007.10.29"]
[Round "3"]
[White "Vavrak, Peter"]
[Black "Delorme, Axel"]
[Result "1-0"]
[WhiteElo "2454"]
[BlackElo "2328"]
[Annotator "RR"]
[PlyCount "165"]
[EventDate "2007.10.27"]
[EventType "swiss"]
[EventRounds "9"]
[EventCountry "FRA"]
[SourceTitle "EXT 2008"]
[Source "ChessBase"]
[SourceDate "2007.11.25"]
[SourceVersion "1"]
[SourceVersionDate "2007.11.25"]
[SourceQuality "1"]

1. d4 d5 2. c4 c6 3. Nc3 Nf6 4. e3 a6 5. Qc2 (5. Nf3 b5 (5... e6) (5... Bf5))
5... e6 6. Nf3 c5 $5 {La pratique a montré que la perte de temps est assez
négigeable} 7. cxd5 exd5 8. Be2 (8. dxc5 Bxc5 9. Be2 Nc6 $11) 8... Nc6 9. O-O
cxd4 ({RR} 9... Be6 {Plus courant} 10. Rd1 Nb4 11. Qd2 Ne4 12. Nxe4 dxe4 13.
Ne5 cxd4 14. exd4 Bd6 15. a3 Nd5 16. Qc2 f5 17. f3 O-O 18. fxe4 Rc8 19. Bc4
Bxe5 20. exd5 Bxd5 21. Bxd5+ {1-0 Grischuk,A (2717)-Svidler,P (2765)/Monte
Carlo 2006/CBM 111 ext}) 10. Nxd4 Nxd4 11. exd4 Be6 12. Qb3 $146 ({RR} 12. Bg5
Be7 13. Bf3 O-O 14. Qb3 b5 15. Bxf6 Bxf6 16. Rad1 {1/2-1/2 Lalic,B (2490)
-Margoline,B (2433)/Germany 2006/EXT 2007}) 12... Qd7 13. Na4 {[%csl Rc5][%cal
Ga4b6,Gb6a8,Gb6d7]} Rd8 14. Bg5 Be7 15. Nc5 Bxc5 16. Bxf6 gxf6 17. dxc5 d4 $13
{[%cal Ge6b3]} 18. Bc4 Bxc4 19. Qxc4 O-O {L'activité des pièces noires donne
assez de contre-jeu pour compenser la faiblesse de la structure} 20. Qd3 Qb5 $5
21. Qxb5 axb5 22. Rfd1 d3 23. Rd2 Rd4 24. Kf1 Rfd8 25. Rc1 b4 {(=)} 26. f3 {
[%cal Gf1f2,Gf2e3] le MI refuse la nulle car il pense être un peu mieux} Ra8 $1
{[%cal Ga8a2]} 27. b3 {[%csl Rc3]} Rc8 (27... Rad8 {Il valait probablement
mieux pour les noirs éviter d'échanger les deux P}) 28. Kf2 Rd5 29. Rc4 Rcxc5
30. Rxc5 Rxc5 31. Ke3 $14 Kf8 32. Rxd3 Re5+ 33. Kf2 $16 {[%csl Ra2,Rb4,Rb7,Rc3,
Rf6,Rf7,Rh7] Les blancs ont beaucoup moins de faiblesses que le MI qui
commence а avoir des bonnes chances de gain.} Ra5 34. Rd2 Ke7 35. Kg3 Ke6 36.
Rd4 Rb5 37. Rh4 h5 38. Rc4 Rg5+ 39. Kh3 Rb5 40. Kh4 Kd6 41. Kh3 Ke6 42. Rc7 b6
43. Rc6+ Kf5 44. Kh4 Kg6 45. Rd6 Kg7 46. Kg3 Kg6 47. Kf4 Rf5+ 48. Ke3 Ra5 49.
Rxb6 Rxa2 50. g3 Rxh2 51. Rxb4 Rb2 $1 {[%csl Gb2,Rb4]} 52. Rb5 Rg2 $11 53. Kf4
Rb2 54. Rb8 {[%cal Gb8g8,Gb3b8]} Rb1 55. b4 Kg7 56. Ke4 Rb3 57. b5 Kh7 58. b6
Kg7 $6 (58... f5+ $1 {donne du contre-jeu aux noirs а l'aile-roi.} 59. Kd5 (59.
Kxf5 $2 Rxf3+ 60. Kg5 Rxg3+ 61. Kxh5 Kg7) (59. Ke5 Kg7 60. b7 f6+ 61. Kxf5
Rxf3+ 62. Ke4 Rb3 $11) 59... f4 $1 60. gxf4 h4 $13 {[%cal Gh4h1]}) 59. Kd5 $36
(59. b7) 59... Rxf3 60. Rc8 Rb3 61. Kc6 Rc3+ 62. Kd7 Rd3+ 63. Kc7 Rc3+ 64. Kd7
Rd3+ 65. Kc7 Rc3+ 66. Kb8 Rxg3 67. b7 Rb3 68. Kc7 h4 69. b8=Q Rxb8 70. Rxb8 Kg6
71. Kd6 Kf5 72. Kd5 h3 73. Kd4 Kf4 74. Rh8 Kg3 75. Ke3 h2 76. Rg8+ Kh3 77. Kf2
h1=N+ 78. Kf3 Kh2 79. Rg2+ Kh3 80. Rg7 Kh2 81. Rxf7 Kg1 82. Rxf6 Kh2 83. Rg6
1-0

[Event "Sautron op 14th"]
[Site "Sautron"]
[Date "2014.10.26"]
[Round "2"]
[White "Zubarev, Alexander2"]
[Black "Loiseau, Quentin"]
[Result "0-1"]
[WhiteElo "2588"]
[BlackElo "2354"]
[Annotator "RR"]
[PlyCount "120"]
[EventDate "2014.10.26"]
[EventType "swiss"]
[EventRounds "9"]
[EventCountry "FRA"]
[SourceTitle "EXT 2015"]
[Source "ChessBase"]
[SourceDate "2014.11.20"]
[SourceVersion "1"]
[SourceVersionDate "2014.11.20"]
[SourceQuality "1"]
[TimeControl "40/5400+30:1800+30"]

1. c4 {[%emt 0:00:06]} c6 {[%emt 0:00:00]} 2. Nf3 {[%emt 0:00:13]} d5 {[%emt 0:
00:00]} 3. e3 {[%emt 0:00:05]} Nf6 {[%emt 0:00:00]} 4. Nc3 {[%emt 0:00:35]} e6
{[%emt 0:00:00]} 5. d4 {[%emt 0:00:10]} (5. Qc2 $5 Nbd7 6. b3 Bd6) 5... Nbd7 {
[%emt 0:00:04]} 6. Qc2 {[%emt 0:00:30]} Bd6 {[%emt 0:00:09]} 7. Be2 {[%emt 0:
00:07]} O-O {[%emt 0:02:11]} 8. b3 {[%emt 0:00:11]} b6 {[%emt 0:01:52]} 9. O-O
{[%emt 0:00:20]} Bb7 {[%emt 0:00:35]} 10. Bb2 {[%emt 0:00:06]} (10. Rd1) 10...
Rc8 {[%emt 0:00:51]} 11. Rad1 {[%emt 0:06:22]} (11. Rac1 Qe7 12. Rfd1 (12. Qb1)
) 11... c5 {[%emt 0:13:57]} 12. cxd5 {[%emt 0:07:39]} exd5 {[%emt 0:16:05]} 13.
dxc5 {[%emt 0:26:17]} bxc5 {[%emt 0:01:38] La présence de P pendants doit une
position technique mais les Noirs espèrent en profiter pour jouer de manière
dynamique} 14. Qf5 {[%emt 0:07:37]} (14. Nh4 {[%cal Gh4f5];Kramnik,V (2780)
-Kasparov,G (2815) Kosmos m 5' Moscow blitz 1998 (10) 1/2}) 14... Qe7 {[%emt 0:
10:44]} 15. Ng5 $146 {[%emt 0:20:02]} (15. Rfe1 Qe6 16. Qb1 h6 17. Bd3 Ne5 18.
Bf5 Nxf3+ 19. gxf3 Qe5 20. f4 Qe8 21. Bh3 Rd8 22. Bg2 Qe6 23. Ne2 Bc7 24. Ng3
Ba5 25. Re2 Ba6 26. Rc2 Bb6 27. Rcd2 d4 28. exd4 cxd4 29. Bxd4 Bxd4 30. Rxd4
Rde8 {1-0 (30) Kramnik,V (2780)-Kasparov,G (2815) Moscow 1998}) 15... Qe5 {
[%emt 0:08:02]} 16. Qxe5 {[%emt 0:00:15]} Bxe5 {[%emt 0:00:04]} 17. Nf3 {
[%emt 0:02:00]} Bb8 {[%emt 0:01:36]} 18. Rd2 {[%emt 0:02:35] 11.Rac1, suivi de
Rfd1 aurait économisé un coup} Nb6 {[%emt 0:03:19][%cal Gc5c4] Les Noirs
préparent la rupture c4 mais elle a le défaut d'affaiblir la case "d4"} 19.
Rc1 {[%emt 0:03:41]} Rfd8 {[%emt 0:02:55]} 20. g3 {[%emt 0:03:42]} Nfd7 {
[%emt 0:17:44] (=)} 21. Ne1 {[%emt 0:05:43] Les Blancs n'ont aucune raison
d'accepter la proposition} c4 $5 {[%emt 0:11:18]} 22. b4 {[%emt 0:01:20][%csl
Gc5]} Be5 {[%emt 0:01:00]} 23. Nf3 {[%emt 0:01:44]} (23. Ba1) 23... Bxc3 {
[%emt 0:00:23]} 24. Bxc3 {[%emt 0:00:15]} Na4 {[%emt 0:00:11]} 25. Ba1 {
[%emt 0:03:09]} (25. Bd4) 25... Ndb6 {[%emt 0:02:24]} 26. Rdc2 {[%emt 0:04:15]}
a6 {[%emt 0:02:09]} 27. Nd4 $14 {[%emt 0:00:24][%csl Ga1,Rb7,Gd4] La poussée
c5c4 n'a rien donné tactiquement mais l'affabilissement des cases Noires
commence à se faire sentir} Rc7 {[%emt 0:00:50]} 28. Bf3 {[%emt 0:01:45] La
paire de B commence à s'activer} Bc8 {[%emt 0:01:33]} 29. h4 $1 {[%emt 0:00:
21]} f5 {[%emt 0:00:49]} 30. Ne2 {[%emt 0:00:30]} Kf7 {[%emt 0:00:55]} 31. Bd4
{[%emt 0:00:28]} Be6 {[%emt 0:00:38]} 32. Nf4 $16 {[%emt 0:00:19][%csl Gd4,Re6,
Gf4] Les Blancs ont une bonne finale avec la paire de B et face au mauvais B
adverse} g6 {[%emt 0:00:23]} 33. Ne2 {[%emt 0:01:19]} Rdc8 {[%emt 0:00:22]} 34.
Nc3 {[%emt 0:00:23]} Rb7 {[%emt 0:01:03]} 35. Rb1 {[%emt 0:02:08]} Ke7 {
[%emt 0:00:53]} 36. Bxb6 $6 {[%emt 0:00:42] Une décision curieuse car le Bd4
dominait les cases noires} (36. Kf1 $142 {Le GMI va laisser la centralisation
du K adverse tout en oubliant d'amener son propre K au centre} Kd6 37. Bd1 (37.
Ke2 Rcb8 38. a3 Nxc3+ 39. Bxc3 Na4 40. Ba1 a5 41. Rd1) 37... Nxc3 38. Bxc3 Na4
39. Bd4 Rcb8 40. a3 a5) (36. Kg2 Kd6) 36... Nxc3 {[%emt 0:00:28]} 37. Rxc3 {
[%emt 0:00:06]} Rxb6 {[%emt 0:00:02]} 38. a3 {[%emt 0:00:58]} a5 $1 {[%emt 0:
00:25]} 39. b5 {[%emt 0:00:32]} Kd6 {[%emt 0:00:52]} (39... a4 {[%csl Rb5]} 40.
Bd1 Rcb8 41. Bxa4 Bd7) 40. a4 {[%emt 0:00:00]} Kc5 {[%emt 0:00:00][%csl Gc5,
Rg1][%cal Gd5d4]} 41. Rcc1 {[%emt 0:00:46]} Rd8 {[%emt 0:04:51]} 42. Rb3 {
[%emt 0:11:22]} d4 {[%emt 0:09:02]} 43. exd4+ {[%emt 0:00:49]} Rxd4 {[%emt 0:
00:10]} 44. Re3 {[%emt 0:00:57]} Bd5 {[%emt 0:05:26]} 45. Bxd5 {[%emt 0:00:55]}
Rxd5 {[%emt 0:00:14]} 46. Re7 {[%emt 0:01:08]} Kb4 {[%emt 0:00:33][%csl Gb4,
Rg1]} 47. Rxh7 {[%emt 0:00:29]} Rc5 {[%emt 0:02:14]} 48. Rh6 {[%emt 0:02:02]}
Kb3 $1 {[%emt 0:02:33]} 49. h5 {[%emt 0:01:18]} Kb2 {[%emt 0:00:24]} 50. Rf1 {
[%emt 0:02:47]} c3 {[%emt 0:00:29]} 51. Rxg6 {[%emt 0:07:02]} (51. hxg6 c2 52.
g7 c1=Q {Une position qui fait regretter aux Blancs de ne pas avoir joué plus
tôt Kg2...}) 51... Rxg6 {[%emt 0:04:23]} 52. hxg6 {[%emt 0:00:04]} Rc7 $19 {
[%emt 0:00:03]} 53. f4 {[%emt 0:03:25]} Rg7 {[%emt 0:00:16]} 54. g4 {[%emt 0:
01:09]} Rxg6 {[%emt 0:00:08]} 55. g5 {[%emt 0:00:03]} c2 {[%emt 0:00:11]} 56.
Kf2 {[%emt 0:00:26]} c1=Q {[%emt 0:00:13]} 57. Rxc1 {[%emt 0:00:26]} Kxc1 {
[%emt 0:00:03]} 58. Ke3 {[%emt 0:00:25]} Rd6 {[%emt 0:00:08]} 59. b6 {[%emt 0:
01:31]} Rxb6 {[%emt 0:00:03]} 60. Kd4 {[%emt 0:00:11]} Re6 {[%emt 0:00:09]} 0-1

[Event "POL-chT 66th"]
[Site "Katowice"]
[Date "2010.09.10"]
[Round "7"]
[White "Stachowiak, Kamil"]
[Black "Bobula, Mateusz"]
[Result "1/2-1/2"]
[WhiteElo "2398"]
[BlackElo "2380"]
[Annotator "RR"]
[PlyCount "60"]
[EventDate "2010.09.04"]
[EventType "team-tourn"]
[EventRounds "9"]
[EventCountry "POL"]
[SourceTitle "EXT 2016"]
[Source "ChessBase"]
[SourceDate "2015.10.08"]
[SourceVersion "1"]
[SourceVersionDate "2015.10.08"]
[SourceQuality "1"]
[WhiteTeam "Wroclaw AZS WSB"]
[BlackTeam "Dankowice"]
[WhiteTeamCountry "POL"]
[BlackTeamCountry "POL"]

1. d4 d5 2. Nf3 Nf6 3. c4 c6 4. Nc3 e6 5. e3 Nbd7 6. Qc2 Bd6 7. b3 O-O 8. Be2
b6 9. O-O Bb7 10. Bb2 Rc8 (10... Qe7 11. Rad1 Rad8 12. Rfe1) 11. Rac1 (11. Rad1
Qe7 12. Qb1 c5 13. cxd5 Nxd5 14. Ne4 Bb8 15. dxc5 Nxc5 16. Nxc5 bxc5 17. Qa1 f6
18. Rd2 Rfd8 19. Rfd1 Nb6 20. Qb1 Rxd2 21. Nxd2 Rd8 22. Nc4 Rxd1+ 23. Qxd1 Qc7
24. f4 Bd5 25. Qc2 {1/2-1/2 (25) Van Wely,L (2653)-Shirov,A (2696) Rabat 2015})
11... Qe7 12. Rfd1 Rfd8 13. Qb1 c5 14. cxd5 exd5 15. Qf5 Bb8 16. Bf1 $146 (16.
Na4 Ne4 17. dxc5 bxc5 18. Bd3 Nf8 19. Qh5 Ng6 20. Nd2 Re8 21. Nxe4 dxe4 22. Bb5
Bc6 23. Bxc6 Rxc6 24. Rxc5 Rxc5 25. Nxc5 Be5 26. Bd4 Rd8 27. Bxe5 Rxd1+ 28.
Qxd1 Qxe5 29. Qd8+ {1-0 (29) Beinoras,M (2386)-Iovcov,V (1932) Eforie Nord 2010
}) 16... Qe6 17. Qxe6 fxe6 18. dxc5 Nxc5 19. Ne2 Nce4 20. Nf4 $14 {[%csl Rb7,
Re6]} Kf7 21. Nd3 {[%csl Ge5][%cal Gf3e5,Gd3e5]} Ke7 22. Nfe5 Bd6 23. b4 (23.
f3 {[%cal Gg1f2]} Nc5) 23... Rxc1 24. Rxc1 Nd2 25. Be2 Nc4 $132 26. Nxc4 dxc4
27. Rxc4 Ba6 28. Rc2 Bxd3 29. Bxd3 Bxh2+ 30. Kxh2 Rxd3 1/2-1/2

[Event "Biel GM 48th"]
[Site "Biel"]
[Date "2015.07.29"]
[Round "9"]
[White "Rapport, Richard"]
[Black "Eljanov, Pavel"]
[Result "0-1"]
[WhiteElo "2671"]
[BlackElo "2723"]
[Annotator "Ramirez Alvarez,A"]
[PlyCount "56"]
[EventDate "2015.07.20"]
[EventType "tourn"]
[EventRounds "10"]
[EventCountry "SUI"]
[EventCategory "19"]
[SourceTitle "CBM 168"]
[Source "ChessBase"]
[SourceDate "2015.09.14"]
[SourceVersion "1"]
[SourceVersionDate "2015.09.14"]
[SourceQuality "1"]

1. d4 Nf6 2. c4 e6 3. Nf3 d5 4. Nc3 c6 5. e3 Nbd7 6. Qc2 Bd6 7. g4 $5 {The
Shabalov-Shirov attack in the Meran fell out of fashion years ago, but it is
hard to imagine a player who is more suited to play it than Rapport.} Nxg4 8.
Rg1 Nxh2 9. Nxh2 Bxh2 10. Rxg7 Nf8 11. Rg2 Bd6 12. e4 {Even though this has
been played many times, it hasn't been seen in top tournament play. The idea
has been known for some time, though: Black is greedy, captures the pawn, but
his development is not as good as White's and Rapport's Central expansion
gives him good chances for compensation.} Ng6 13. Bg5 {It's interesting how
often this simple attack of the queen in the Meran forces an awkward reaction.
Black doesn't want to give up the f6 square (if he moves the queen), doesn't
want to weaken with f6, and he doesn't want to retreat his developed bishop -
but he has to choose!} Be7 14. Be3 (14. Bxe7 Qxe7 15. O-O-O $13) 14... dxe4 15.
O-O-O $5 (15. Nxe4 f5 16. Nc3 f4 {is not good for White.}) 15... f5 16. d5 {
White is down two pawns, but things are about to get crazy! The center is
exploding and Black's lack of development is dangerous.} Qa5 17. Kb1 (17. d6
Bf6 18. Na4 $1 {was perhaps a better version of what happened in the game.})
17... Bd7 18. d6 $1 {Going for some positional compensation. Instead of
blasting the position open, Rapport closes it, but with the idea of curring
Eljanov's army in half. It will be difficult for him to make his king safe, as
well.} Bf6 19. Bd2 Qe5 20. Nb5 $6 {A nice tactical detail, but it is not
necessarily such a strong move. Black avoids the trap and asks the knight what
it is doing on b5.} (20. Qb3 $5 {counter pressuring b7, ocmes to mind.}) 20...
Kf7 (20... cxb5 21. Bc3 Qc5 22. b4 $1 Qc6 23. Bxf6 Rf8 {and White retains a
lot of compensation.}) 21. Bc3 Qf4 22. Nc7 $6 {White commits a lot of pieces
to the queenside, but Black simply migrates his remaining pieces to the
kingside, makes sure nothing happens in the center, and he uses his
overwhelming pawn majority to finish the game.} Rag8 23. c5 Bxc3 24. Qxc3 Ne5 {
Taking a look at the position, it is clear that Black has an excellent set of
pieces and he is up two pawns. It's true that the bishop on d7 is just a big
pawn, but if that piece on d7 was actually a real pawn, Black would be better
anyway.} 25. Rxg8 Rxg8 26. Be2 Qxf2 {Third pawn, why not?} 27. Qxe5 Qxe2 28.
Rh1 Qd3+ (28... Qd3+ 29. Ka1 Qh3 $1 30. Rb1 Qg3 {is just embarassing for
White's pieces.}) 0-1

[Event "HUN-ch"]
[Site "Budapest"]
[Date "1991.??.??"]
[Round "3"]
[White "Portisch, Lajos"]
[Black "Polgar, Zsuzsa"]
[Result "0-1"]
[WhiteElo "2570"]
[BlackElo "2535"]
[Annotator "Rogers,I"]
[PlyCount "76"]
[EventDate "1991.12.??"]
[EventType "tourn"]
[EventRounds "9"]
[EventCountry "HUN"]
[EventCategory "12"]
[SourceTitle "CBM 027"]
[Source "ChessBase"]
[SourceDate "1992.04.01"]
[SourceVersion "1"]
[SourceVersionDate "1992.04.01"]
[SourceQuality "1"]

1. d4 d5 2. c4 e6 3. Nc3 c6 4. e3 Nf6 5. Nf3 Nbd7 6. Qc2 Bd6 7. b3 $5 O-O 8.
Be2 {Portisch's preference for the 7.b3 system is curious since he has been
rather unsuccessful with it over the years.} dxc4 ({Portisch - Ribli,
Montpellier 1985, concluded dramatically after} 8... e5 9. cxd5 Nxd5 10. Nxd5
cxd5 11. dxe5 Nxe5 12. O-O $2 Nxf3+ 13. Bxf3 Qh4 14. h3 Bxh3 $1 15. Rd1 Bh2+ $1
16. Kf1 Qf6 17. Bxd5 Bf5 $1 18. e4 Bg4 19. Ba3 Qa6+ {(0-1 Portisch,L (2625)
-Ribli,Z (2605) Montpellier 1985 Candidates [ChessBase]) but Polgar does not
wish to see Portisch's improvement on this game.}) 9. bxc4 e5 10. O-O Re8 11.
Rb1 Qe7 12. Rd1 e4 13. Nd2 c5 14. Nf1 b6 15. a4 $1 Bb7 16. Ng3 $5 g6 17. Nb5
Bb8 18. Ba3 h5 $1 {The outline of the struggle is clear. Black will try to
counter White's queenside pressure with an attack against Portisch's king.} 19.
Nf1 Qe6 20. a5 Ba6 21. d5 Qe5 22. Bb2 Qg5 23. axb6 $2 {In such a tense
situation even a minor error can have near-fatal consequences.} ({Now Polgar's
rook is given scope for activity, whereas after} 23. d6 $1 Bxb5 24. cxb5 Re6
25. f4 $1 {Black's rook in the corner is a severe liability - she cannot play}
exf3) 23... axb6 24. d6 $6 Bxb5 25. cxb5 Re6 $1 26. Bc4 Rxd6 27. Ra1 Rxa1 28.
Rxa1 Ne5 29. Qb3 $2 Nf3+ 30. Kh1 Ng4 $1 31. g3 ({It is too late for} 31. Qc2 {
as} Rd2 $1 {wins.}) 31... Qf5 $1 32. Be2 Rd2 $1 33. Ra8 ({If instead} 33. Nxd2
Nxf2+ 34. Kg2 Qh3+ {leads to mate. Now Portisch himself threatens mate but
Polgar's attack comes first.}) 33... Nxf2+ 34. Kg2 Ne1+ 35. Kg1 Nh3+ 36. Kh1
Qxf1+ $3 {Without this queen sacrifice Black might have had to settle for a
draw by perpetual check. Now White's key defensive piece is removed and the
Black knights take over.} 37. Bxf1 Nf2+ 38. Kg1 Nf3+ ({White is mated after} 
38... Nf3+ 39. Kg2 Ng4+ 40. Be2 Rxe2+ 41. Kf1 Rf2# {A spectacular victory by
Polgar over the pre-tournament favourite.}) 0-1